Escudos de Equipes do Brasileirão Série B 2025 - Statistics

Estatísticas Gerais
  • Esse quiz foi jogado 81 vezes
  • A pontuação média é 19 de 20
Estatísticas das Respostas
Imagem Resposta % Correto
Amazonas
100%
América Mineiro
99%
Avaí
99%
Chapecoense
99%
Criciúma
97%
Cuiabá
97%
Goiás
97%
Operário
97%
Vila Nova
97%
Athletic
96%
Coritiba
96%
Paysandu
96%
Athletico Paranaense
95%
Botafogo
95%
CRB
95%
Novorizontino
93%
Remo
93%
Atlético Goianiense
92%
Ferroviária
90%
Volta Redonda FC
67%
Nenhum quiz correspondente encontrado
Distribuição das Pontuações
Porcentagem de Pessoas com Cada Pontuação
Percentil de Números Respondidos
Sua Pontuação Histórica
Você não jogou esse quiz